<?xml version="1.0" encoding="UTF-8"?>
<record
    xmlns:xsi="http://www.w3.org/2001/XMLSchema-instance"
    xsi:schemaLocation="http://www.loc.gov/MARC21/slim http://www.loc.gov/standards/marcxml/schema/MARC21slim.xsd"
    xmlns="http://www.loc.gov/MARC21/slim">

  <leader>01682nam a2200241 a 4500</leader>
  <controlfield tag="005">20180803165346.0</controlfield>
  <controlfield tag="008">140320b2007    ck ||||| |||| 00| 0 spa d</controlfield>
  <datafield tag="041" ind1=" " ind2=" ">
    <subfield code="a">spa</subfield>
  </datafield>
  <datafield tag="044" ind1=" " ind2=" ">
    <subfield code="a">ck</subfield>
  </datafield>
  <datafield tag="090" ind1=" " ind2=" ">
    <subfield code="a">IAVH</subfield>
    <subfield code="b">00800</subfield>
  </datafield>
  <datafield tag="100" ind1="1" ind2=" ">
    <subfield code="a">Guzm&#xE1;n-Ruiz, Ana</subfield>
    <subfield code="9">22968</subfield>
  </datafield>
  <datafield tag="245" ind1="1" ind2="0">
    <subfield code="a">Plantas de los humedales de Bogot&#xE1; y el Valle del r&#xED;o Ubat&#xE9;</subfield>
  </datafield>
  <datafield tag="260" ind1=" " ind2=" ">
    <subfield code="a">Bogot&#xE1; :</subfield>
    <subfield code="b">Instituto Alexander von Humboldt, </subfield>
    <subfield code="b">Fundaci&#xF3;n Humedales, </subfield>
    <subfield code="c">2007.</subfield>
  </datafield>
  <datafield tag="300" ind1=" " ind2=" ">
    <subfield code="a">129 p.</subfield>
    <subfield code="c">28 cm.</subfield>
  </datafield>
  <datafield tag="505" ind1=" " ind2=" ">
    <subfield code="a">Contenido CD: Plantas de los humedales de Bogot&#xE1; y Valle del r&#xED;o Ubat&#xE9; / Ana Guzm&#xE1;n Ruiz -- Sistemas de humedales presentes en la Sabana de Bogot&#xE1; y Valle del R&#xED;o Ubat&#xE9; -- Las plantas acu&#xE1;ticas --  Fichas t&#xE9;cnicas - Mapas y Fotos</subfield>
  </datafield>
  <datafield tag="520" ind1=" " ind2=" ">
    <subfield code="a">La gu&#xED;a presenta 68 especies entre plantas muy comunes y que se encuentran en la mayor&#xED;a de los humedales de Bogot&#xE1; y del valle del r&#xED;o Ubat&#xE9; como especies muy raras y con una distribuci&#xF3;n restringuida a nivel local. La ficha t&#xE9;cnica de cada especies viene  acompa&#xF1;ada por una fotograf&#xED;a y/o ilustraci&#xF3;n que destaca las caracter&#xED;sticas morfol&#xF3;gicas para su identificaci&#xF3;n as&#xED; como informaci&#xF3;n taxon&#xF3;mica y ecol&#xF3;gica. Busca proporcionar un material pilto de consulta, tanto para el p&#xFA;blico en general, como para expertos en el tema que permita estimular el conocimiento de la biodiversidad vegetal acu&#xE1;tica de la Sabana para profundizar posteriormente en aspectos como composici&#xF3;n, estructura o composici&#xF3;n</subfield>
  </datafield>
  <datafield tag="650" ind1=" " ind2=" ">
    <subfield code="a">Plantas</subfield>
    <subfield code="9">92294</subfield>
  </datafield>
  <datafield tag="650" ind1=" " ind2=" ">
    <subfield code="a">Humedales de Bogot&#xE1;</subfield>
    <subfield code="9">22970</subfield>
  </datafield>
  <datafield tag="662" ind1=" " ind2=" ">
    <subfield code="a">Colombia</subfield>
    <subfield code="c">Sabana de Bogot&#xE1;</subfield>
    <subfield code="b">Cundinamarca</subfield>
  </datafield>
  <datafield tag="662" ind1=" " ind2=" ">
    <subfield code="a">Colombia</subfield>
    <subfield code="c">Valle del r&#xED;o Ubat&#xE9;</subfield>
  </datafield>
  <datafield tag="942" ind1=" " ind2=" ">
    <subfield code="c">INFORME</subfield>
    <subfield code="2">z</subfield>
    <subfield code="0">6</subfield>
  </datafield>
  <datafield tag="945" ind1=" " ind2=" ">
    <subfield code="d">2008-06-19</subfield>
  </datafield>
  <datafield tag="999" ind1=" " ind2=" ">
    <subfield code="c">6317</subfield>
    <subfield code="d">6317</subfield>
  </datafield>
  <datafield tag="952" ind1=" " ind2=" ">
    <subfield code="0">0</subfield>
    <subfield code="1">0</subfield>
    <subfield code="2">z</subfield>
    <subfield code="4">0</subfield>
    <subfield code="7">0</subfield>
    <subfield code="8">HUMBOLDT</subfield>
    <subfield code="I">INV2017</subfield>
    <subfield code="a">Bogota</subfield>
    <subfield code="b">Bogota</subfield>
    <subfield code="d">2008-06-19</subfield>
    <subfield code="l">6</subfield>
    <subfield code="o">IAVH-00800</subfield>
    <subfield code="p">026075</subfield>
    <subfield code="r">2024-08-09 00:00:00</subfield>
    <subfield code="s">2015-09-30</subfield>
    <subfield code="t">Ej. 1</subfield>
    <subfield code="w">2012-12-04</subfield>
    <subfield code="x">Dep&#xF3;sito Institucional</subfield>
    <subfield code="y">INFORME</subfield>
  </datafield>
  <datafield tag="952" ind1=" " ind2=" ">
    <subfield code="0">0</subfield>
    <subfield code="1">0</subfield>
    <subfield code="2">z</subfield>
    <subfield code="4">0</subfield>
    <subfield code="7">0</subfield>
    <subfield code="8">MEDIOSM</subfield>
    <subfield code="a">Bogota</subfield>
    <subfield code="b">Bogota</subfield>
    <subfield code="d">2008-06-19</subfield>
    <subfield code="l">0</subfield>
    <subfield code="o">IAVH-00800</subfield>
    <subfield code="p">026076</subfield>
    <subfield code="r">2012-12-04 00:00:00</subfield>
    <subfield code="w">2012-12-04</subfield>
    <subfield code="x">Institucional</subfield>
    <subfield code="y">CD-ROM</subfield>
    <subfield code="z"> Anexo,informe Plantas de los Humedales de Bogot&#xE1; y Valle del r&#xED;o Ubate</subfield>
  </datafield>
</record>
